000
00513nam a2200181Ia 4500
008
090124s9999 xx 000 0 und d
082
_b
25654
100
_a
लेले विमल
245
_a
साद अनंताची
250
_a
1
260
_b
संजय प्रकाशन
300
_a
170
600
_a
लेले विमल
630
_a
साद अनंताची
700
_a
लेले विमल
730
_a
साद अनंताची
942
_c
BOOK
999
_c
93489
_d
93489